PHARMACOGNOSY FOR DIPOMA IN PHARMACY (Record no. 33219)

MARC details
000 -LEADER
fixed length control field 00386nam a22001577a 4500
003 - CONTROL NUMBER IDENTIFIER
control field SGT
020 ## - INTERNATIONAL STANDARD BOOK NUMBER
International Standard Book Number 9759374737088
082 ## - DEWEY DECIMAL CLASSIFICATION NUMBER
Classification number 615.31
100 ## - MAIN ENTRY--PERSONAL NAME
Personal name ISLAM, MOHIDUL
245 ## - TITLE STATEMENT
Title PHARMACOGNOSY FOR DIPOMA IN PHARMACY
260 ## - PUBLICATION, DISTRIBUTION, ETC. (IMPRINT)
Place of publication, distribution, etc DELHI
Name of publisher, distributor, etc AITBS PUB.
Year of Publication 2026
300 ## - PAGE DESCRIPTION
No. of Pages 195
650 ## - SUBJECT ADDED ENTRY--TOPICAL TERM
Topical term or geographic name as entry element PHARMACOGNOSY
653 ## - KEYWORDS--INDEX TERM
Keyword term PHARMACOGNOSY, PHARMACY, DIPLOMA
942 ## - ADDED ENTRY ELEMENTS (KOHA)
Source of classification or shelving scheme Dewey Decimal Classification
Koha item type Gifted Books
Holdings
Withdrawn status Lost status Source of classification or shelving scheme Damaged status Use restrictions Not for loan Collection code Home library Current library Shelving location Date acquired Vendor Name Cost, normal purchase price SGTU Total Checkouts Full call number Accession No. (Barcode) Date last seen Bill Date Koha item type
    Dewey Decimal Classification   Restricted Access   PHARMACY SGT FA-FP Library SGT FA-FP Library Text Book 17/12/2025 SGT UNIVERSITY Dr. VINOD 249.00 SGTU   615.31 FP5281G 17/12/2025 17/12/2025 Gifted Books